00807nam a2200205 a 450000100100000000500170001000800410002702000150006804000250008310000300010824501000013826000620023830000280030049000380032850000210036670000470038783000450043495201050047999900170058400004393520201002045043.0140509s1994 sp a 001 0 spa d a8478384189 aDO-SdBNPbspacBNPHU1 aTorres, Augusto M.97096210aDiccionario de Directores de Cine. /cAugusto M. Torres; prólogo Manuel Gutiérrez Aragón. aMadrid, :bAlianza EditorialbEdiciones del Prado,c1994. a333 p. :bil. ;c22 cm.1 aBiblioteca temática Alianzav32 aIncluye índice12aGutiérrez Aragón, Manueleprol.971868 0aBiblioteca temática Alianzan32971869 001050718MOaGRbGRcCTd2014-05-09iLF1l0o p43935-10r2020-06-25w2020-06-25y1ZNo se presta c43424d43424